Рентгеноультразвуковая диагностика аномалий развития и заболеваний панкреатобилиарной системы у детей (Запись № 87406)

Подробности
000 -МАРКЕР
контрольное поле 01810nam0a2200373 4500
001 - ИДЕНТИФИКАТОР ЗАПИСИ
контрольное поле RU\NLR\bibl\1520801
005 - ИДЕНТИФИКАТОР ВЕРСИИ
контрольное поле 20260405201556.0
010 ## - МЕЖДУНАРОДНЫЙ СТАНДАРТНЫЙ НОМЕР КНИГИ (ISBN)
Номер (ISBN) 978-5-88429-129-4
Тираж 1000
035 ## - ДРУГИЕ СИСТЕМНЫЕ НОМЕРА
Идентификатор записи (NLR Aleph) 001512163
100 ## - ДАННЫЕ ОБЩЕЙ ОБРАБОТКИ
Данные общей обработки 20100429d2009 |||y0rusy50 ca
101 0# - ЯЗЫК РЕСУРСА
Язык текста, звукозаписи и т.д. русский
102 ## - СТРАНА ПУБЛИКАЦИИ ИЛИ ПРОИЗВОДСТВА
Страна публикации Российская Федерация
105 ## - ПОЛЕ КОДИРОВАННЫХ ДАННЫХ: ТЕКСТОВЫЕ МАТЕРИАЛЫ, МОНОГРАФИЧЕСКИЕ
Кодированные данные о монографическом текстовом документе a |||||||||
200 1# - ЗАГЛАВИЕ И СВЕДЕНИЯ ОБ ОТВЕТСТВЕННОСТИ
Основное заглавие Рентгеноультразвуковая диагностика аномалий развития и заболеваний панкреатобилиарной системы у детей
Первые сведения об ответственности М.И. Пыков, Ю.Ю. Соколов, И.С. Никулина
210 ## - ПУБЛИКАЦИЯ, РАСПРОСТРАНЕНИЕ И ДР.
Место издания, распространения и т.д. Москва
Имя издателя, распространителя и т. д. Видар
-- Видар-М
Дата издания, распространения и т.д. 2009
215 ## - ФИЗИЧЕСКАЯ ХАРАКТЕРИСТИКА
Специфическое обозначение материала и объем 129 с.
Другие сведения о физической характеристике ил., цв. ил.
Размеры 24
300 ## - ОБЩИЕ ПРИМЕЧАНИЯ
Текст примечания На обороте тит. л. авт.: Пыков М.И., д.м.н., проф., Соколов Ю.Ю., д.м.н., проф., Никулина И.С., к.м.н.
320 ## - ПРИМЕЧАНИЯ О НАЛИЧИИ В ДОКУМЕНТЕ БИБЛИОГРАФИИ / УКАЗАТЕЛЯ
Текст примечания Библиогр.: с. 127-129
606 1# - НАИМЕНОВАНИЕ ТЕМЫ КАК ПРЕДМЕТ
Наименование темы Панкреатобилиарная зона детей
Тематический подзаголовок Болезни
-- Диагностика
Системный номер авторитетной/нормативной записи 2599497
Идентификатор авторитетной/нормативной записи RU\NLR\auth\661536055
606 1# - НАИМЕНОВАНИЕ ТЕМЫ КАК ПРЕДМЕТ
Наименование темы Панкреатобилиарная зона детей
Тематический подзаголовок Аномалии
-- Диагностика
Системный номер авторитетной/нормативной записи 2599498
Идентификатор авторитетной/нормативной записи RU\NLR\auth\661536056
686 ## - ИНДЕКСЫ ДРУГИХ КЛАССИФИКАЦИЙ
Индекс Р733.413.6-4
686 ## - ИНДЕКСЫ ДРУГИХ КЛАССИФИКАЦИЙ
Индекс Р733.413.5-4
686 ## - ИНДЕКСЫ ДРУГИХ КЛАССИФИКАЦИЙ
Индекс Р733.457.465.35-4
686 ## - ИНДЕКСЫ ДРУГИХ КЛАССИФИКАЦИЙ
Индекс Р733.457.465.36-4
700 #1 - ИМЯ ЛИЦА - ПЕРВИЧНАЯ ОТВЕТСТВЕННОСТЬ
Начальный элемент ввода Пыков
Часть имени, кроме начального элемента ввода М. И.
Расширение инициалов личного имени Михаил Иванович
Код отношения Автор
701 #1 - ИМЯ ЛИЦА - АЛЬТЕРНАТИВНАЯ ОТВЕТСТВЕННОСТЬ
Код отношения Автор
Графика поля Кириллица
Материалы, к которым относится поле rus
Начальный элемент ввода Соколов
Часть имени, кроме начального элемента ввода Ю. Ю.
Дополнения к именам, кроме дат д-р мед. наук
Расширение инициалов личного имени Юрий Юрьевич
Системный номер авторитетной/нормативной записи 72040
Идентификатор авторитетной/нормативной записи RU\NLR\auth\7789112
701 #1 - ИМЯ ЛИЦА - АЛЬТЕРНАТИВНАЯ ОТВЕТСТВЕННОСТЬ
Начальный элемент ввода Никулина
Часть имени, кроме начального элемента ввода И. С.
Расширение инициалов личного имени Ирина Сергеевна
Код отношения Автор
801 #0 - ИСТОЧНИК ЗАПИСИ
Страна Российская Федерация
Организация NLR
Дата составления 20100429
Правила каталогизации RCR
801 #1 - ИСТОЧНИК ЗАПИСИ
Страна Российская Федерация
Организация NLR
Дата составления 20100429
830 ## - ОБЩЕЕ ПРИМЕЧАНИЕ, СОСТАВЛЕННОЕ КАТАЛОГИЗАТОРОМ
Текст примечания авт. по кн.
942 ## - ДОПОЛНИТЕЛЬНЫЕ ЭЛЕМЕНТЫ ЗАПИСИ (АБИС)
Тип экземпляра АБИС Книга
980 ## - КОЛЛЕКЦИЯ
Название коллекции Национальная библиография
Экземпляры
Тип экземпляра Дата поступления Источник поступления Стоимость Библиотека постоянного хранения Библиотека текущего хранения Место хранения Шифр хранения Штрих-код Статус экземпляра
Книга 08.06.2010 Покупка 369.00 РНБ (Московский) РНБ (Московский) Русский книжный фонд: издания с 1957 года 2010-7/3061 3190123  
Книга 08.06.2010 Покупка 369.00 РНБ (Московский) РНБ (Московский) Фонд общего зала литературы по биологии и медицине М1 Р733.41/П-942 1-495279  
Книга 07.04.2011 Покупка 369.00 РНБ (Садовая) РНБ (Садовая) Универсальный читальный зал У Р733.413/П-942 1-243198